Стария моряк (Запис номер 135450)
[ съкратено ]
| 000 -Лидер | |
|---|---|
| Контролно поле с фиксирана дължина | nam a22 a 4500 |
| 003 - Код на организацията, давaща контролен номер | |
| Контролно поле | BLK |
| 005 - Дата и час на последна редакция | |
| Контролно поле | 20201016133037.0 |
| 008 - Елементи от данни с фиксирана дължина | |
| fixed length control field | 180409b bul|||||r ||||||| ||bul|| |
| 010 ## - Наследен системен номер | |
| LC control number | KNG00141376000 |
| 040 ## - Източник на каталожния запис | |
| Идентификатор на билиотеката - собственик на записа | BLK |
| 041 ## - Код за език | |
| Код за езика на текст/звукозапис или на отделно заглавие | Български |
| Код за езика КДБФ | Български |
| 072 #7 - Код за тематичната категория | |
| Код организация | bullib |
| Код за тематична категория | Ц |
| Текст | Редки и ценни |
| 080 ## - УДК | |
| Текстов определител УДК | Френска литература |
| УДК код - определител по УДК | 821.133.1 |
| УДК определител | -22 |
| УДК - код + определител | 821.133.1-22 |
| 100 1# - Редна дума - Автор | |
| Автор | Ришпен, Жан |
| Авторска отговорност | първи автор |
| R(LIN) | 116390 |
| 139 ## - Редно поле | |
| Редна дума | Ришпен, Жан |
| Авторски знак | Риш - Р 67 |
| 245 10 - Сведения за заглавието | |
| Заглавие | Стария моряк |
| Подзаглавни данни | Комедия в 3 д. |
| Редно поле (дума) | Жан Ришпен; прев. от фр. Х. М. Басан; прев. от фр. Петър Христов Генков. |
| 257 ## - Страна на издаване | |
| Страна на създаване/издаване | Франция |
| 260 ## - Област на издателските данни | |
| Година на издаване | 1896 |
| Печатница | Варна : печ. Взаимност |
| Място на издаване, разпространение и проч. | Варна |
| 300 ## - Физическа характеристика | |
| Страници | 60 с. |
| Размери/Мащаб | 19 см |
| 380 ## - Жанр | |
| Жанр | Худож. лит. |
| 490 1# - СЕРИИ (Колекции) | |
| Име на серия | Театрална библиотека |
| №: серия | Серия II, № 2 |
| 490 ## - СЕРИИ (Колекции) | |
| Име на серия | Колекция Редки и ценни издания |
| 9 (RLIN) | 435080 |
| 500 ## - Общи забележки | |
| Забележка | Екз. с инв. № 767386 е подв. към Желязната маска / О. Арну и Н. Фурние. 1897 със сигн. Рб 897 и инв. № 18802/58.<br/>Екз. с Инв. № 3017 подв. с 10 книги. |
| 505 ## - Форматирана забележка | |
| Заглавие | Виктор Юго. Клетниците. 1896 |
| -- | Херман Зудерман. Чест. 1896 |
| -- | Александър Дюма-син. Идеите на Госпожа Обре. 1897 - 2 екз. |
| -- | Желязната маска. 1897 |
| -- | Съвестта на жертвите на Балкана. 1884 |
| -- | Мария-Жана. 1897 |
| -- | Двете сирачета. 1896 |
| -- | Дамата с камелиите. 1897 |
| -- | Леонарда. 1900 |
| 653 ## - Ключова дума – ненормативна | |
| Ключова дума | комедии |
| 659 ## - Тематичен бюлетин | |
| Тематичен бюлетин | Ц |
| 700 1# - Други автори (авторска отговорност) | |
| Лично име | Басан, Х. М. |
| Автороска отговорност (Описва отношението между автора и произведението) | прев. от фр. |
| Друга информация | Генков, Петър Христов |
| 9 (RLIN) | 317492 |
| 700 1# - Други автори (авторска отговорност) | |
| Лично име | Генков, Петър Христов |
| Автороска отговорност (Описва отношението между автора и произведението) | прев. от фр. |
| 9 (RLIN) | 377088 |
| 852 ## - Местоположение | |
| Форматна сигнатура | Рб 896 |
| Фондова буква | Редки и ценни |
| 856 4# - Електронен адрес и достъп | |
| Електронен формат | pdf - файл |
| 856 4# - Електронен адрес и достъп | |
| Електронен формат | pdf - файл |
| 999 ## - СИСТЕМНИ КОНТРОЛНИ НОМЕРА | |
| Koha biblionumber | 135450 |
| Koha biblioitemnumber | 135450 |
| 942 ## - АРТИКУЛИ | |
| Вид на библиотечния материал | Книги |
| Скрит в OPAC | Не |
| Периодичен библиозапис | Да |
| 944 ## - СЪЗДАВАНЕ И РЕДАКЦИЯ на ЗАПИСА | |
| Създаване/Редакция | Създаване |
| Дата на регистрацията/редакция | 26.03.2013 |
| Статус, дата на статуса | ф / 26.03.2013 |
| Служител, извършил регистрацията/редакцията | Людмила_Стоянова |
| 944 ## - СЪЗДАВАНЕ И РЕДАКЦИЯ на ЗАПИСА | |
| Създаване/Редакция | Редакция |
| Дата на регистрацията/редакция | 04.11.2013 |
| Статус, дата на статуса | ф / 26.03.2013 |
| 999 ## - СИСТЕМНИ КОНТРОЛНИ НОМЕРА | |
| Koha biblioitemnumber | 135450 |
| 999 ## - СИСТЕМНИ КОНТРОЛНИ НОМЕРА | |
| Koha biblioitemnumber | 135450 |
| Код за отписване | Код за изгубен артикул | Източник на класификационната схема | Код за повреда | Коз за рестрикции | Код за отдаване | Артикулен № | Име на библиотеката - собственик | Име на библиотеката, в която се намира в момента | Статус (Текущо местоположение) | Дата на вписване в системата | Местоположение - отдел | Цена в лева | Инвентарен номер | Систематично азбучна сигнатура | Баркод | Номер на екземпляра | Цена в евро | Служебна бележка | Служебен тип на артикула |
|---|---|---|---|---|---|---|---|---|---|---|---|---|---|---|---|---|---|---|---|
| Не е изгубен | Universal Decimal Classification | Не е повреден | само за читалня | Специални фондове ( старопечатни, редки и ценни, фонд М. Арнаудов) | 221434 | Регионална библиотека "Любен Каравелов" Русе | Регионална библиотека "Любен Каравелов" Русе | Редки и ценни | 1896-01-01 | Редки и ценни | 0.05 | 3017 | Рб 896 | 900000036575 | 1 | 0.03 | Дост: DA N: стар фонд Дата: 01.01.1896 Дата инв: 19.12.2016 Бележки инв: Рц2016 | Книги | |
| Не е изгубен | Universal Decimal Classification | Не е повреден | само за читалня | Специални фондове ( старопечатни, редки и ценни, фонд М. Арнаудов) | 221435 | Регионална библиотека "Любен Каравелов" Русе | Регионална библиотека "Любен Каравелов" Русе | Редки и ценни | 1896-01-01 | Редки и ценни | 0.05 | 3017-а | Рб 896 | 900000036158 | 2 | 0.03 | Дост: DA N: стар фонд Дата: 01.01.1896 Дата инв: 15.12.2016 Бележки инв: Рц2016 | Книги | |
| Не е изгубен | Universal Decimal Classification | Не е повреден | само за читалня | Специални фондове ( старопечатни, редки и ценни, фонд М. Арнаудов) | 221436 | Регионална библиотека "Любен Каравелов" Русе | Регионална библиотека "Любен Каравелов" Русе | Редки и ценни | 2013-06-25 | Редки и ценни | 18.00 | 120000767386 | Рб 896 | 120000767386 | 3 | 9.20 | Дост: DA Вид: А N: 14 Дата: 25.06.2013 Дата инв: 15.12.2016 Бележки инв: Рц2016 | Книги |